[Event "ch-KAZ 2016"]
[Site "Almaty KAZ"]
[Date "2016.05.10"]
[Round "8.4"]
[White "Askarov, Bakhtiyar"]
[Black "Khusnutdinov, Rustam"]
[Result "1-0"]
[BlackTitle "GM"]
[WhiteElo "2396"]
[BlackElo "2487"]
[WhiteFideId "13701100"]
[BlackFideId "13701703"]
[EventDate "2016.05.03"]

1. e4 c5 2. Nf3 d6 3. Bb5+ Nd7 4. d4 cxd4 5. Qxd4 a6 6. Bxd7+ Bxd7 7. O-O Rc8 8.
e5 Bb5 9. Re1 dxe5 10. Qxe5 Qc7 11. Qxc7 Rxc7 12. Nc3 Bc6 13. Bf4 Rc8 14. Ne5 e6
15. Rad1 Ne7 16. Nc4 Nf5 17. Nb6 Rd8 18. Ncd5 Bd6 19. Nc7+ Bxc7 20. Bxc7 Rxd1
21. Rxd1 O-O 22. b4 g5 23. a4 g4 24. Bg3 h5 25. Nd7 Bxd7 26. Rxd7 b5 27. axb5
axb5 28. Kf1 Rc8 29. Bc7 Kg7 30. c4 bxc4 31. b5 c3 32. Ke1 Nd4 33. b6 Nb3 34. b7
c2 35. Be5+ 1-0

[Event "ch-KAZ 2016"]
[Site "Almaty KAZ"]
[Date "2016.05.10"]
[Round "8.5"]
[White "Kostenko, Petr"]
[Black "Arestanov, Timur"]
[Result "1-0"]
[WhiteTitle "GM"]
[BlackTitle "FM"]
[WhiteElo "2457"]
[BlackElo "2298"]
[WhiteFideId "13700669"]
[BlackFideId "13701304"]
[EventDate "2016.05.03"]

1. e4 c6 2. d4 d5 3. Nc3 dxe4 4. Nxe4 Bf5 5. Ng3 Bg6 6. Nh3 e6 7. Nf4 Bd6 8. h4
Bxf4 9. Bxf4 h6 10. c3 Nf6 11. Qb3 Nd5 12. Bd2 Nb6 13. a4 a5 14. c4 Ra7 15. Ne2
O-O 16. Nf4 Bf5 17. Rg1 Re8 18. O-O-O N8d7 19. g4 Be4 20. f3 Bh7 21. g5 e5 22.
gxh6 g6 23. Nxg6 fxg6 24. h5 Re6 25. Bh3 Qe8 26. Rde1 Kh8 27. f4 gxh5 28. fxe5
Rg6 29. e6 Nf6 30. Qxb6 Qg8 31. d5 Ra6 32. Qd4 cxd5 33. Bc3 1-0

[Event "ch-KAZ 2016"]
[Site "Almaty KAZ"]
[Date "2016.05.10"]
[Round "8.6"]
[White "Kuderinov, Kirill"]
[Black "Kazhgaleyev, Murtas"]
[Result "1/2-1/2"]
[WhiteTitle "IM"]
[BlackTitle "GM"]
[WhiteElo "2489"]
[BlackElo "2582"]
[WhiteFideId "13701568"]
[BlackFideId "13700316"]
[EventDate "2016.05.03"]

1. e4 e5 2. Nf3 Nc6 3. Bb5 Nge7 4. O-O g6 5. c3 a6 6. Ba4 Bg7 7. d4 exd4 8. cxd4
b5 9. Bb3 O-O 10. Nc3 d6 11. h3 Na5 12. Bc2 c5 13. Bf4 cxd4 14. Nxd4 Bb7 15. Rc1
d5 16. Bg5 h6 17. Bxe7 Qxe7 18. Nxd5 Qe5 19. b4 Nc4 20. Nf3 Qd6 21. Bb3 Rac8 22.
Nd2 Ne5 23. a3 Nd3 24. Rxc8 Rxc8 25. Qf3 Nc1 26. Rd1 Bb2 27. Ne3 Qf4 28. Bd5
Bxd5 29. Nxd5 Qxf3 30. gxf3 Kg7 31. Nb1 Ne2+ 32. Kg2 Be5 33. Nd2 Nc3 34. Rc1 Rd8
35. Nxc3 Rxd2 36. a4 Rd3 37. Nd5 bxa4 38. Rc5 Bd4 39. Ra5 Rd2 40. Rxa4 Bxf2 41.
f4 Bh4+ 42. Kf3 Rd3+ 43. Ke2 Rxh3 44. Rxa6 h5 45. Ra1 Rb3 46. Kd2 Bf2 47. Kc2
Rg3 48. b5 Rg1 49. Rxg1 Bxg1 50. Kd3 g5 51. fxg5 h4 52. Ke2 h3 53. Kf3 h2 54.
Kg2 Kg6 55. b6 Kxg5 56. b7 Ba7 57. Kxh2 f5 58. Ne7 Bb8+ 59. Kg2 fxe4 60. Nc6 1/2-1/2

[Event "ch-KAZ 2016"]
[Site "Almaty KAZ"]
[Date "2016.05.11"]
[Round "9.1"]
[White "Kazhgaleyev, Murtas"]
[Black "Ismagambetov, Anuar"]
[Result "1-0"]
[WhiteTitle "GM"]
[BlackTitle "GM"]
[WhiteElo "2582"]
[BlackElo "2559"]
[WhiteFideId "13700316"]
[BlackFideId "13701525"]
[EventDate "2016.05.03"]

1. d4 d6 2. Nf3 g6 3. c4 Bg7 4. Nc3 f5 5. e4 Nh6 6. Bd3 O-O 7. h4 f4 8. h5 gxh5
9. d5 Bxc3+ 10. bxc3 Bg4 11. Be2 e5 12. dxe6 Qf6 13. Nd4 c5 14. Bxg4 Nxg4 15.
Nf5 Qxc3+ 16. Bd2 Qxc4 17. e7 Qxe4+ 18. Qe2 Qxe2+ 19. Kxe2 Re8 20. Rxh5 Nf6 21.
Rg5+ Kh8 22. Bc3 Nd7 23. Rd1 Rg8 24. Rxd6 Rxg5 25. Rxf6 Nxf6 26. Bxf6+ Rg7 27.
Nxg7 1-0

[Event "ch-KAZ 2016"]
[Site "Almaty KAZ"]
[Date "2016.05.11"]
[Round "9.2"]
[White "Arestanov, Timur"]
[Black "Kuderinov, Kirill"]
[Result "0-1"]
[WhiteTitle "FM"]
[BlackTitle "IM"]
[WhiteElo "2298"]
[BlackElo "2489"]
[WhiteFideId "13701304"]
[BlackFideId "13701568"]
[EventDate "2016.05.03"]

1. d4 a6 2. e4 e6 3. c4 d5 4. exd5 exd5 5. Nc3 Nf6 6. Bg5 Be7 7. Bxf6 Bxf6 8.
Nxd5 O-O 9. Be2 Nc6 10. Nf3 Bg4 11. Nxf6+ Qxf6 12. O-O Bxf3 13. Bxf3 Nxd4 14.
Bxb7 Rab8 15. Bxa6 Rfd8 16. Qa4 Ra8 17. Rfe1 Qxa6 18. Qxa6 Rxa6 19. Rad1 Kf8 20.
a3 c5 21. b4 Rxa3 22. bxc5 Ra5 23. c6 Nxc6 24. Rxd8+ Nxd8 25. g3 Rc5 0-1

[Event "ch-KAZ 2016"]
[Site "Almaty KAZ"]
[Date "2016.05.11"]
[Round "9.3"]
[White "Khusnutdinov, Rustam"]
[Black "Kostenko, Petr"]
[Result "1/2-1/2"]
[WhiteTitle "GM"]
[BlackTitle "GM"]
[WhiteElo "2487"]
[BlackElo "2457"]
[WhiteFideId "13701703"]
[BlackFideId "13700669"]
[EventDate "2016.05.03"]

1. e4 e6 2. d4 d5 3. Nc3 Nf6 4. Bg5 dxe4 5. Nxe4 Nbd7 6. Nf3 h6 7. Nxf6+ Nxf6 8.
Bh4 c5 9. Bb5+ Bd7 10. Bxd7+ Qxd7 11. Qe2 Rc8 12. Bxf6 gxf6 13. O-O-O cxd4 14.
Nxd4 Bc5 15. Nb3 Qc6 16. Nxc5 Qxc5 17. Qd3 O-O 18. Rd2 Rfd8 19. Qxd8+ Rxd8 20.
Rxd8+ Kg7 21. Rd2 b5 22. Re1 Qc4 23. a3 Qa2 24. Rd7 a5 25. Re3 f5 26. f4 Kf6 27.
g3 Qa1+ 28. Kd2 Kg6 29. b4 axb4 30. axb4 Qb1 31. Kc3 Qf1 32. Red3 Qe2 33. Rb7
Qe1+ 34. Kb3 Qb1+ 35. Kc3 Qa1+ 36. Kd2 Qa6 37. Rdd7 f6 38. Rbc7 Qa3 39. Rd4 Qa8
40. Rc5 Qh1 41. Rd3 Qxh2+ 42. Kc3 Qg1 43. Rxb5 e5 44. fxe5 fxe5 45. Kb2 e4 46.
Rd6+ Kg5 47. Rdd5 Kg4 48. Rxf5 Qd4+ 49. Kb3 Qe3+ 50. c3 Qd3 51. Rbd5 Qb1+ 52.
Kc4 Kxg3 53. Rfe5 Kf4 54. Re7 h5 55. Rd4 h4 56. Rdxe4+ 1/2-1/2

[Event "ch-KAZ 2016"]
[Site "Almaty KAZ"]
[Date "2016.05.11"]
[Round "9.4"]
[White "Utegaliyev, Azamat"]
[Black "Askarov, Bakhtiyar"]
[Result "1-0"]
[WhiteElo "2485"]
[BlackElo "2396"]
[WhiteFideId "13702467"]
[BlackFideId "13701100"]
[EventDate "2016.05.03"]

1. c4 c5 2. Nf3 Nf6 3. d4 cxd4 4. Nxd4 g6 5. Nc3 Bg7 6. e4 d6 7. Be2 O-O 8. Be3
Nc6 9. O-O Bd7 10. Rc1 Nxd4 11. Bxd4 Bc6 12. f3 Nd7 13. Kh1 Bxd4 14. Qxd4 Qb6
15. Qd2 Rfc8 16. Nd1 Qd8 17. Ne3 Qf8 18. Rc3 a5 19. Ng4 Qg7 20. Qg5 h5 21. Nf2
Qf6 22. Qe3 e5 23. Rd3 Nc5 24. Rd2 Rd8 25. Rfd1 Qe7 26. b3 Ne6 27. Re1 Kg7 28.
Nd1 Rac8 29. Nc3 Rd7 30. Red1 Ra8 31. Kg1 Qd8 32. Bf1 h4 33. g3 Qe7 34. Bh3 hxg3
35. hxg3 Rh8 36. Rh2 Rdd8 37. Bxe6 Rxh2 38. Kxh2 Qxe6 39. g4 Rh8+ 40. Kg2 Qe7
41. Rh1 Rxh1 42. Kxh1 Qh4+ 43. Kg2 f5 44. gxf5 gxf5 45. a3 fxe4 46. fxe4 Kf6 47.
Qf3+ Qf4 1-0

[Event "ch-KAZ 2016"]
[Site "Almaty KAZ"]
[Date "2016.05.11"]
[Round "9.5"]
[White "Gurkin, Anton"]
[Black "Jumabayev, Rinat"]
[Result "1-0"]
[BlackTitle "GM"]
[WhiteElo "2276"]
[BlackElo "2618"]
[WhiteFideId "13704320"]
[BlackFideId "13702661"]
[EventDate "2016.05.03"]

1. e4 c5 2. Nc3 a6 3. g3 Nc6 4. Bg2 Nf6 5. Nge2 e6 6. O-O Qc7 7. d4 cxd4 8. Nxd4
h5 9. Re1 Ng4 10. Nd5 exd5 11. Nxc6 bxc6 12. exd5+ Kd8 13. dxc6 Bc5 14. Bf4 d6
15. Qd5 Bxf2+ 16. Kh1 Be6 17. Rxe6 fxe6 18. Qxe6 Bd4 19. Bg5+ Nf6 20. Re1 Rb8
21. c3 Rb5 22. Bd5 Be5 23. Rxe5 dxe5 24. Bxf6+ gxf6 25. Qxf6+ Kc8 26. Qxh8+ Qd8
27. Be6+ Kc7 28. Qxh5 Qe7 29. c4 Ra5 30. Bd5 Rxa2 31. Qe2 Qf6 32. c5 Ra4 33. h4
e4 34. Kh2 Qe5 35. Qc2 Rb4 36. Bb3 a5 37. Kh3 a4 38. Bxa4 Rxb2 39. Qd1 Qe6+ 40.
g4 e3 41. Qd4 Rf2 42. Bb3 Qxc6 43. Bd5 Qe8 44. Be4 Qb5 45. Qd6+ Kc8 46. Kg3 Rd2
47. Bf5+ Kb7 48. Qe7+ Ka6 49. Qxe3 Qb8+ 50. Kf3 Qb7+ 51. Kf4 Qc7+ 52. Kg5 Rd8
53. Qe6+ Kb5 54. Qb6+ Qxb6 55. cxb6 Kxb6 56. h5 Kc5 57. Kf6 Kd6 58. Bg6 Rf8+ 59.
Bf7 Ra8 60. g5 Ra1 61. g6 Rf1+ 62. Kg7 1-0

[Event "ch-KAZ 2016"]
[Site "Almaty KAZ"]
[Date "2016.05.11"]
[Round "9.6"]
[White "Egorov, Evgeny"]
[Black "Urazayev, Arystanbek"]
[Result "0-1"]
[WhiteTitle "IM"]
[BlackTitle "CM"]
[WhiteElo "2387"]
[BlackElo "2354"]
[WhiteFideId "13700421"]
[BlackFideId "13709810"]
[EventDate "2016.05.03"]

1. d4 Nf6 2. Nf3 e6 3. Bf4 b6 4. e3 Bb7 5. Nbd2 Be7 6. c3 Nh5 7. Bg3 Nxg3 8.
hxg3 d6 9. Qc2 h6 10. a4 O-O 11. a5 c5 12. a6 Bc6 13. g4 Nd7 14. Bc4 Re8 15. Ba2
Rc8 16. O-O-O Bf6 17. Rh5 cxd4 18. exd4 Nf8 19. Ne4 Bxe4 20. Qxe4 d5 21. Qd3 Ng6
22. g3 b5 23. Qxb5 Rb8 24. Qa4 Rb6 25. Bb1 Qb8 26. Rd2 Rc8 27. Bd3 Ne7 28. Rc2
Nc6 29. Qa3 Rb3 30. Qa4 Nb4 31. Bb5 Qxb5 32. Qxb5 Na2+ 33. Kb1 Rxb5 34. Kxa2 Rc6
35. Kb1 Rxa6 36. Re2 Rba5 37. Kc2 Ra1 38. Ne1 Rc6 39. Kd2 a5 40. Nd3 Rb6 41. Re1
Rxe1 42. Kxe1 Be7 43. Kd1 Kf8 44. Kc2 Ke8 45. Rh1 Rb5 46. Ra1 Bd6 47. b4 Bc7 48.
Kb3 Rb8 49. Nc5 Bd8 50. Ra4 g6 51. Kc2 axb4 52. cxb4 h5 53. gxh5 gxh5 54. Kc3 h4
55. gxh4 Bxh4 56. Ra2 Rb5 57. Ra8+ Ke7 58. Ra7+ Ke8 59. Nd3 Rb8 60. f4 Rc8+ 61.
Kd2 Bf6 62. b5 Rb8 63. Kc3 Rxb5 64. f5 exf5 65. Ra6 Ke7 66. Ra7+ Kf8 67. Ra6 Kg7
68. Nf4 Bg5 69. Nh5+ Kh7 70. Rd6 f4 71. Nf6+ Bxf6 72. Rxf6 Kg7 73. Rxf4 f6 74.
Rf1 Kg6 75. Rg1+ Kf7 76. Ra1 Ke7 77. Ra7+ Ke6 78. Ra6+ Kf5 79. Rd6 Kg5 80. Rc6
f5 81. Re6 f4 82. Re5+ Kg4 83. Kd3 Kf3 84. Kd2 Kf2 85. Re2+ Kg3 86. Re5 f3 87.
Rg5+ Kf2 88. Kd3 Kf1 89. Kd2 f2 90. Kd1 Rb3 91. Kd2 Rf3 92. Rg4 Rh3 93. Rg5 Rf3
94. Rg4 Rf5 95. Kd1 Rf7 96. Kd2 Re7 97. Rg5 Re2+ 98. Kd1 Re4 99. Rxd5 Rg4 100.
Kd2 Kg2 101. Rf5 f1=Q 102. Rxf1 Kxf1 0-1

[Event "ch-KAZ 2016"]
[Site "Almaty KAZ"]
[Date "2016.05.12"]
[Round "10.1"]
[White "Ismagambetov, Anuar"]
[Black "Urazayev, Arystanbek"]
[Result "1/2-1/2"]
[WhiteTitle "GM"]
[BlackTitle "CM"]
[WhiteElo "2559"]
[BlackElo "2354"]
[WhiteFideId "13701525"]
[BlackFideId "13709810"]
[EventDate "2016.05.03"]

1. e4 e5 2. Nf3 Nc6 3. Bb5 a6 4. Ba4 Nf6 5. O-O Be7 6. d3 b5 7. Bb3 O-O 8. c3 d6
9. Re1 Nb8 10. Nbd2 Nbd7 11. Nf1 Nc5 12. Bc2 Bb7 13. h3 Re8 14. N3h2 Bf8 15. Qf3
Ne6 16. Ng4 Nxg4 17. Qxg4 g6 18. g3 h5 19. Qe2 Bg7 20. Ne3 Qd7 21. Ng2 Nf8 22.
g4 hxg4 23. hxg4 Ne6 24. a4 Bf6 25. axb5 axb5 26. Rxa8 Rxa8 27. Be3 Kg7 28. Rd1
c5 29. Bb3 Rh8 30. Qf3 Ng5 31. Bxg5 Bxg5 32. Ra1 f6 33. c4 Ra8 34. Rxa8 Bxa8 35.
Qe2 b4 36. Bd1 Qa7 37. Qc2 Bc6 38. b3 Qa1 39. Kh2 Qa8 40. Qe2 Bd7 41. Kg1 Qa1
42. Kh2 Be6 43. Ne3 Qa8 44. Kg2 Qa1 45. Nf1 Qc1 46. Qf3 Bf4 47. Ne3 Bxe3 48.
fxe3 Qd2+ 49. Qe2 Qxe2+ 50. Bxe2 Kh6 51. Kg3 Kg5 52. Bd1 Bd7 53. Be2 f5 54. gxf5
gxf5 55. exf5 Bxf5 56. e4 Be6 57. Bf3 Bc8 1/2-1/2

[Event "ch-KAZ 2016"]
[Site "Almaty KAZ"]
[Date "2016.05.12"]
[Round "10.2"]
[White "Jumabayev, Rinat"]
[Black "Egorov, Evgeny"]
[Result "1-0"]
[WhiteTitle "GM"]
[BlackTitle "IM"]
[WhiteElo "2618"]
[BlackElo "2387"]
[WhiteFideId "13702661"]
[BlackFideId "13700421"]
[EventDate "2016.05.03"]

1. d4 d5 2. c4 c6 3. Nf3 Nf6 4. g3 dxc4 5. Bg2 g6 6. a4 Bg7 7. Na3 a5 8. Nxc4
Be6 9. b3 Bd5 10. O-O O-O 11. Ba3 Bh6 12. e3 Nbd7 13. Rc1 Re8 14. Qc2 Rc8 15.
Rfd1 Qc7 16. Ncd2 Qb6 17. Bh3 Rcd8 18. Rb1 Nf8 19. Ne5 Ne6 20. Bg2 Qa7 21. Nef3
Nf8 22. e4 Be6 23. h3 g5 24. Nc4 g4 25. hxg4 Bxg4 26. Nce5 Bh5 27. Bb2 Rd6 28.
Re1 Ne6 29. Rbd1 Red8 30. Nxf7 Bxf7 31. e5 Rd5 32. exf6 exf6 33. Nh4 R5d7 34. d5
cxd5 35. Bxf6 Rf8 36. Rxd5 Rc7 37. Nf5 Bg7 38. Qb2 h5 39. Bxg7 Rfc8 40. Nh6+ Kh7
41. Nxf7 Nxg7 42. Rxh5+ Nxh5 43. Ng5+ Kh6 44. Re6+ Kxg5 45. Qe5+ 1-0

[Event "ch-KAZ 2016"]
[Site "Almaty KAZ"]
[Date "2016.05.12"]
[Round "10.3"]
[White "Askarov, Bakhtiyar"]
[Black "Gurkin, Anton"]
[Result "1-0"]
[WhiteElo "2396"]
[BlackElo "2276"]
[WhiteFideId "13701100"]
[BlackFideId "13704320"]
[EventDate "2016.05.03"]

1. d4 d5 2. Bf4 Bf5 3. e3 Nf6 4. c3 Nbd7 5. h3 e6 6. Nf3 Bd6 7. Bxd6 cxd6 8.
Nbd2 O-O 9. Be2 h6 10. O-O Ne4 11. a4 Rc8 12. a5 Nb8 13. a6 b6 14. Nxe4 Bxe4 15.
Nd2 Bf5 16. Qa4 Qg5 17. Kh2 Qg6 18. Qb5 Qf6 19. Rac1 Rc7 20. c4 Rfc8 21. Rc3
dxc4 22. Nxc4 Qd8 23. Rfc1 d5 24. Ne5 Rxc3 25. Rxc3 Rxc3 26. bxc3 f6 27. Nf3 Bg6
28. c4 Be8 29. Qb3 Bc6 30. c5 Nd7 31. cxb6 Qxb6 32. Qa3 Kf7 33. Nh4 g6 34. Bd3
Nf8 35. g3 g5 36. Ng2 Nd7 37. Ne1 Bb5 38. Bxb5 Qxb5 39. Qd6 Nb6 40. Qc7+ Qd7 41.
Qb8 Kg7 42. Nd3 h5 43. h4 Qb5 44. Qc7+ Kg6 45. Qc2 Kg7 46. hxg5 Qc4 47. gxf6+
Kxf6 48. Qb1 Nd7 49. Nf4 Nf8 50. Qb8 Ke7 51. Qxa7+ Nd7 52. Qb7 Qf1 53. a7 Qxf2+
54. Ng2 1-0

[Event "ch-KAZ 2016"]
[Site "Almaty KAZ"]
[Date "2016.05.12"]
[Round "10.4"]
[White "Kostenko, Petr"]
[Black "Utegaliyev, Azamat"]
[Result "0-1"]
[WhiteTitle "GM"]
[WhiteElo "2457"]
[BlackElo "2485"]
[WhiteFideId "13700669"]
[BlackFideId "13702467"]
[EventDate "2016.05.03"]

1. e4 g6 2. d4 Bg7 3. Nc3 c6 4. h3 d6 5. f4 Nf6 6. Nf3 O-O 7. Bd3 Qb6 8. a3 Nbd7
9. e5 Ne8 10. Qe2 e6 11. Ne4 dxe5 12. fxe5 c5 13. dxc5 Qc7 14. Nd6 Nxe5 15. Nxe5
Nxd6 16. Nxg6 fxg6 17. cxd6 Qxd6 18. Qg4 Bd7 19. h4 Qe5+ 20. Kd1 Rad8 21. h5 Bb5
22. hxg6 Rf2 23. gxh7+ Kh8 24. Re1 Rxd3+ 25. cxd3 Qd5 26. Re3 Bxd3 27. Qxe6 Qh5+
28. Re2 Qh1+ 29. Kd2 Rxe2+ 30. Qxe2 Bxe2 31. Kxe2 Qxg2+ 32. Kd3 Bxb2 0-1

[Event "ch-KAZ 2016"]
[Site "Almaty KAZ"]
[Date "2016.05.12"]
[Round "10.5"]
[White "Kuderinov, Kirill"]
[Black "Khusnutdinov, Rustam"]
[Result "1-0"]
[WhiteTitle "IM"]
[BlackTitle "GM"]
[WhiteElo "2489"]
[BlackElo "2487"]
[WhiteFideId "13701568"]
[BlackFideId "13701703"]
[EventDate "2016.05.03"]

1. h3 d5 2. Nf3 c5 3. c3 Nc6 4. d4 e6 5. e3 Nf6 6. Bd3 Bd6 7. O-O b6 8. dxc5
Bxc5 9. Nbd2 O-O 10. b4 Be7 11. Bb2 Bb7 12. a3 Rc8 13. Rc1 Qc7 14. c4 Qb8 15.
cxd5 Nxd5 16. Ne4 Nf6 17. Ng3 Rfd8 18. Qe2 Rd7 19. Bb1 Ne8 20. b5 Nd8 21. Ne5
Rxc1 22. Rxc1 Rc7 23. Rd1 Nf6 24. Ng4 Nd7 25. Nh5 f6 26. Nh6+ Kh8 27. Qg4 Bf8
28. Nxf6 1-0

[Event "ch-KAZ 2016"]
[Site "Almaty KAZ"]
[Date "2016.05.12"]
[Round "10.6"]
[White "Kazhgaleyev, Murtas"]
[Black "Arestanov, Timur"]
[Result "1-0"]
[WhiteTitle "GM"]
[BlackTitle "FM"]
[WhiteElo "2582"]
[BlackElo "2298"]
[WhiteFideId "13700316"]
[BlackFideId "13701304"]
[EventDate "2016.05.03"]

1. d4 d5 2. c4 e6 3. Nc3 c6 4. cxd5 exd5 5. Qc2 g6 6. Bf4 Bf5 7. Qd2 Nf6 8. f3
h5 9. e3 Nbd7 10. Bd3 Bxd3 11. Qxd3 Be7 12. Nge2 a5 13. Rd1 Nf8 14. e4 Ne6 15.
Bc1 h4 16. O-O Qb6 17. e5 Nh5 18. a3 a4 19. Be3 Qa6 20. Qd2 Nhg7 21. g4 hxg3 22.
hxg3 Nf5 23. Kg2 Kd7 24. Bf2 Rh7 25. Rh1 Rah8 26. Rxh7 Rxh7 27. Qc2 b5 28. Rc1
Qa8 29. Nd1 Bg5 30. f4 Bd8 31. g4 Nh4+ 32. Bxh4 Rxh4 33. Kg3 Rh1 34. f5 gxf5 35.
gxf5 Ng5 36. Nf2 Rh8 37. Nf4 Rg8 38. Ng4 Ne4+ 39. Kf3 Bg5 40. e6+ fxe6 41. Ne5+
Ke7 42. Qh2 Bf6 43. Nxc6+ Kd6 44. Nxe6+ Rg3+ 45. Ke2 Qg8 46. Nb4 Qg4+ 47. Ke1
Bh4 48. Rc6+ Kd7 49. Rc7+ Ke8 50. Rc8+ Kf7 51. Rf8+ Ke7 52. Nc6+ Kd6 53. Na7 Kd7
54. Rf7+ Ke8 55. Rf8+ Ke7 56. Nc6+ Kd6 57. Na7 Nc3 58. bxc3 Qe4+ 59. Kd2 Qd3+
60. Kc1 Qxc3+ 61. Kb1 Qb3+ 62. Ka1 Qxa3+ 63. Kb1 Qb3+ 64. Ka1 Qd1+ 65. Ka2 b4
66. Rd8+ Bxd8 67. Qxg3+ Kd7 68. Nc5+ Ke7 69. Qg7+ Ke8 70. Qd7+ Kf8 71. Ne6+ 1-0

[Event "ch-KAZ 2016"]
[Site "Almaty KAZ"]
[Date "2016.05.13"]
[Round "11.1"]
[White "Arestanov, Timur"]
[Black "Ismagambetov, Anuar"]
[Result "0-1"]
[WhiteTitle "FM"]
[BlackTitle "GM"]
[WhiteElo "2298"]
[BlackElo "2559"]
[WhiteFideId "13701304"]
[BlackFideId "13701525"]
[EventDate "2016.05.03"]

1. d4 Nf6 2. c4 e6 3. g3 c5 4. d5 exd5 5. cxd5 d6 6. Nc3 g6 7. Nf3 Bg7 8. Bg2
O-O 9. O-O a6 10. a4 Re8 11. Bf4 h6 12. Re1 g5 13. Bd2 Bf5 14. h4 g4 15. Nh2 h5
16. e4 Bg6 17. Bf4 Qc7 18. Nf1 Nbd7 19. Nd2 Nh7 20. f3 Bd4+ 21. Kh2 Nhf6 22. Nc4
gxf3 23. Bxf3 Ne5 24. Nxe5 Bxe5 25. Qb3 Rab8 26. Qc4 b5 27. axb5 axb5 28. Nxb5
Qb6 29. Bxe5 Rxe5 30. Na3 Qxb2+ 31. Kg1 Rb4 32. Ra2 Qxa3 0-1

[Event "ch-KAZ 2016"]
[Site "Almaty KAZ"]
[Date "2016.05.13"]
[Round "11.3"]
[White "Utegaliyev, Azamat"]
[Black "Kuderinov, Kirill"]
[Result "1-0"]
[BlackTitle "IM"]
[WhiteElo "2485"]
[BlackElo "2489"]
[WhiteFideId "13702467"]
[BlackFideId "13701568"]
[EventDate "2016.05.03"]

1. c4 Nf6 2. Nc3 g6 3. d4 Bg7 4. e4 d6 5. f3 O-O 6. Be3 c5 7. dxc5 dxc5 8. Qxd8
Rxd8 9. Bxc5 Nc6 10. Be3 b6 11. Rc1 Nd7 12. Nge2 Nc5 13. Nf4 Bb7 14. Be2 Nd4 15.
Kf2 f5 16. exf5 gxf5 17. Rhd1 Nxe2 18. Rxd8+ Rxd8 19. Kxe2 Kf7 20. b3 Rg8 21. g3
Nd7 22. Nd3 Ne5 23. Ne1 h5 24. Nb5 Nc6 25. Rd1 Bc8 26. f4 h4 27. Nf3 hxg3 28.
hxg3 Bf6 29. Kf2 Rh8 30. Bd4 Nxd4 31. Nbxd4 a6 32. Nc6 Kg7 33. Rd8 Rxd8 34. Nxd8
Bd7 35. Ne5 Bxe5 36. fxe5 Kf8 37. e6 Ke8 38. Nf7 Bxe6 39. Ne5 Kd8 40. Nc6+ Kc7
41. Nxe7 Kd6 42. Ng6 Kc5 43. Nf4 Bxc4 44. bxc4 Kxc4 45. Ke3 b5 46. Ne2 b4 47.
Nd4 a5 48. Nxf5 a4 49. Nd4 Kc3 50. g4 Kb2 51. g5 b3 52. Nxb3 Kxa2 53. Nc1+ 1-0

[Event "ch-KAZ 2016"]
[Site "Almaty KAZ"]
[Date "2016.05.13"]
[Round "11.4"]
[White "Gurkin, Anton"]
[Black "Kostenko, Petr"]
[Result "0-1"]
[BlackTitle "GM"]
[WhiteElo "2276"]
[BlackElo "2457"]
[WhiteFideId "13704320"]
[BlackFideId "13700669"]
[EventDate "2016.05.03"]

1. e4 e6 2. d4 d5 3. exd5 exd5 4. c4 Nf6 5. Nf3 Bb4+ 6. Bd2 Bxd2+ 7. Nbxd2 O-O
8. Be2 Nh5 9. O-O Nf4 10. Re1 Nc6 11. c5 Qf6 12. Nb3 Bg4 13. Bb5 Bxf3 14. Qxf3
Nxd4 15. Nxd4 Qxd4 16. Rad1 Qf6 17. b4 a5 18. Rb1 c6 19. Bf1 Qg5 20. h4 Qxh4 21.
g3 Nh3+ 22. Kg2 Qh6 23. Bd3 Ng5 24. Qg4 axb4 25. Re5 f5 26. Bxf5 Rxa2 27. Rxb4
Nh3 28. Qxh3 Rxf2+ 29. Kg1 R2xf5 30. Qxh6 Rf1+ 31. Kg2 R8f2+ 32. Kh3 Rh1+ 33.
Kg4 Rxh6 34. Rxb7 Rg6+ 35. Kh3 h6 36. Rb8+ Rf8 37. Rb3 Kh7 38. Re7 Rf2 39. Rc3
Rd2 40. Rd7 Rd4 41. Kh2 Rg5 42. Rd6 Rc4 43. Ra3 Rxc5 44. Ra6 Rg6 45. Rd8 Rc2+
46. Kh1 Rc3 0-1

[Event "ch-KAZ 2016"]
[Site "Almaty KAZ"]
[Date "2016.05.13"]
[Round "11.5"]
[White "Egorov, Evgeny"]
[Black "Askarov, Bakhtiyar"]
[Result "1/2-1/2"]
[WhiteTitle "IM"]
[WhiteElo "2387"]
[BlackElo "2396"]
[WhiteFideId "13700421"]
[BlackFideId "13701100"]
[EventDate "2016.05.03"]

1. g3 c5 2. Bg2 Nc6 3. f4 g6 4. Nf3 Bg7 5. O-O Nf6 6. d3 d5 7. Qe1 d4 8. Na3 Nd5
9. Bd2 O-O 10. c3 Rb8 11. Rb1 b6 12. h3 e5 13. fxe5 Nxe5 14. Nxe5 Bxe5 15. Nc4
Bg7 16. cxd4 cxd4 17. g4 Bb7 18. Qg3 Ba8 19. Nd6 Qe7 20. Nxf7 Ne3 21. Bxe3 dxe3
22. Qd6 Qxd6 23. Nxd6 Rxf1+ 24. Rxf1 Bxb2 25. Nc4 Bg7 26. Bxa8 Rxa8 27. Kg2 b5
28. Nxe3 Re8 29. Kf3 Rf8+ 30. Ke4 Re8+ 31. Kf4 Rf8+ 32. Kg3 Re8 33. Kf3 Rf8+ 34.
Ke4 Re8+ 35. Kf4 Rf8+ 36. Kg5 Re8 37. Kf4 Rf8+ 38. Ke4 1/2-1/2

[Event "ch-KAZ 2016"]
[Site "Almaty KAZ"]
[Date "2016.05.13"]
[Round "11.6"]
[White "Urazayev, Arystanbek"]
[Black "Jumabayev, Rinat"]
[Result "0-1"]
[WhiteTitle "CM"]
[BlackTitle "GM"]
[WhiteElo "2354"]
[BlackElo "2618"]
[WhiteFideId "13709810"]
[BlackFideId "13702661"]
[EventDate "2016.05.03"]

1. e4 c5 2. c3 Nf6 3. e5 Nd5 4. Nf3 d6 5. d4 cxd4 6. cxd4 Nc6 7. Bc4 e6 8. O-O
Nb6 9. Bb3 dxe5 10. dxe5 Qxd1 11. Rxd1 Bd7 12. Nc3 Na5 13. Bc2 Rc8 14. Bd3 Be7
15. Ne4 O-O 16. Bg5 Bxg5 17. Nexg5 h6 18. Ne4 Bc6 19. Nd6 Bxf3 20. gxf3 Rc7 21.
Rac1 Rxc1 22. Rxc1 Nc6 23. f4 Nd5 24. Nxb7 Nxf4 25. Rxc6 Nxd3 26. Na5 Nxb2 27.
Ra6 Rb8 28. Rxa7 Nd3 29. Nc4 Rb1+ 30. Kg2 Rc1 31. Nb6 Nxe5 32. a4 Ra1 33. a5 g5
34. a6 Kg7 35. Ra8 Ra2 36. Nc8 Nc6 37. Nd6 h5 38. Nb5 Ra5 39. Nc7 h4 40. h3 Ra3
41. Rc8 Ne5 42. Ne8+ Kg6 43. Nd6 g4 44. hxg4 h3+ 45. Kh1 Nxg4 46. Rg8+ Kh5 47.
Rh8+ Kg5 0-1